Регионална библиотека "Любен Каравелов" - Русе

Зидари на съдбата (Запис номер 377494)

MARC детайли
000 -Лидер
Контролно поле с фиксирана дължина 01483nam a2200385 a 4500
003 - Код на организацията, давaща контролен номер
Контролно поле BLK
005 - Дата и час на последна редакция
Контролно поле 20231219162044.0
008 - Елементи от данни с фиксирана дължина
fixed length control field 200729b bul|||||r ||||||| ||bul||
010 ## - Наследен системен номер
LC control number KNG00137593000
040 ## - Източник на каталожния запис
Идентификатор на билиотеката - собственик на записа BLK
041 ## - Код за език
Код за езика на текст/звукозапис или на отделно заглавие Български
Код за езика КДБФ Български
080 ## - УДК
Текстов определител УДК Етика. Учение за морала. Практическа философия. Вж и 37.034 ; 24
УДК код - определител по УДК 17
УДК - код + определител 17
100 1# - Редна дума - Автор
Автор Свет-Марден, Орисън
Авторска отговорност първи автор
R(LIN) 322907
139 ## - Редно поле
Редна дума Марден, Орисън Сует
Авторски знак Мар - М 29
245 10 - Сведения за заглавието
Заглавие Зидари на съдбата
Редно поле (дума) * Орисън Сует Марден; Орисън Свет-Марден; прев. Иван Момчилов; * Орисън Сует-Марден.
257 ## - Страна на издаване
Страна на създаване/издаване Съединени американски щати
260 ## - Област на издателските данни
Име на издателя, разпространителя и проч. Ст. Атанасов
Година на издаване [1919]
300 ## - Физическа характеристика
Страници 206 с.
Размери/Мащаб 14 см
380 ## - Жанр
Жанр Философия
490 1# - СЕРИИ (Колекции)
Име на серия Библиотека Маяк
490 1# - СЕРИИ (Колекции)
Име на серия Избрани книги за юноши
№: серия № 18
650 #4 - Допълнително описание по предмет – тема
Основно описание – тема или топоним Морал и общество
9 (RLIN) 280586
650 #4 - Допълнително описание по предмет – тема
Основно описание – тема или топоним Морал - философски проблеми
9 (RLIN) 252066
653 ## - Ключова дума – ненормативна
Ключова дума морал
653 ## - Ключова дума – ненормативна
Ключова дума самообладание
653 ## - Ключова дума – ненормативна
Ключова дума етични ценности
700 ## - Други автори (авторска отговорност)
Лично име Марден, Орисън Сует
9 (RLIN) 367635
700 1# - Други автори (авторска отговорност)
Лично име Момчилов, Иван
Автороска отговорност (Описва отношението между автора и произведението) прев.
9 (RLIN) 318284
700 1# - Други автори (авторска отговорност)
Лично име Сует-Марден, Орисън
Автороска отговорност (Описва отношението между автора и произведението) *
9 (RLIN) 378275
852 ## - Местоположение
Форматна сигнатура Цб І 2997
856 4# - Електронен адрес и достъп
Електронен формат pdf - файл
856 4# - Електронен адрес и достъп
Електронен формат pdf - файл
999 ## - СИСТЕМНИ КОНТРОЛНИ НОМЕРА
Koha biblionumber 377494
Koha biblioitemnumber 377494
942 ## - АРТИКУЛИ
Вид на библиотечния материал Книги
Скрит в OPAC Не
Периодичен библиозапис Да
999 ## - СИСТЕМНИ КОНТРОЛНИ НОМЕРА
Koha biblioitemnumber 131758
944 ## - СЪЗДАВАНЕ И РЕДАКЦИЯ на ЗАПИСА
Служител, извършил регистрацията/редакцията 30560
Статус, дата на статуса Геновева Генчева

Няма налични копия.

Vip Innovations Ltd, Rousse, Bulgaria 2025